[Event "Greifswald Ryck op 24th"]
[Site "Greifswald"]
[Date "2023.07.20"]
[Round "3"]
[White "Johlke, Lorenz"]
[Black "Grosse Thie, Paul"]
[Result "1/2-1/2"]
[WhiteElo "1644"]
[BlackElo "1241"]
[PlyCount "73"]
[EventDate "2023.07.19"]
[EventType "swiss"]
[EventRounds "7"]
[EventCountry "GER"]
[SourceTitle "CBM 215 Extra"]
[Source "ChessBase"]
[SourceDate "2023.09.30"]
[SourceVersion "1"]
[SourceVersionDate "2023.09.30"]
[SourceQuality "1"]

1. e3 g6 2. d4 Bg7 3. c4 d6 4. Nc3 Nd7 5. Nf3 e6 6. Be2 Ne7 7. 0-0 0-0 8. Rb1 b6 9. b4 Bb7 10. Bd2 Rb8 11. a4 c5 12. Nb5 Nc8 13. dxc5 dxc5 14. Bc3 Bxc3 15. Nxc3 cxb4 16. Rxb4 Nc5 17. Qc2 Nd6 18. Nd2 Qe7 19. Rb2 Qc7 20. Nb5 Nxb5 21. cxb5 Rfc8 22. Bf3 Bxf3 23. Nxf3 Nd7 24. Qb1 Ne5 25. Nd4 Qd7 26. Rd1 Qe8 27. Qe4 Nc4 28. Rbb1 Na5 29. Rbc1 Rxc1 30. Rxc1 Rc8 31. Nc6 Nxc6 32. bxc6 Rc7 33. h4 h6 34. f4 Qe7 35. g3 Qd6 36. Rc2 Qd5 37. Qxd5 1/2-1/2

[Event "Mecklenburg VP LL2 Ost 2223"]
[Site "Mecklenburg VP"]
[Date "2022.11.27"]
[Round "3.3"]
[White "Rosin, Ralf1"]
[Black "Johlke, Lorenz"]
[Result "0-1"]
[WhiteElo "1828"]
[BlackElo "1653"]
[PlyCount "126"]
[EventDate "2022.10.23"]
[EventType "team-tourn"]
[EventRounds "9"]
[EventCountry "GER"]
[SourceTitle "EXT 2024"]
[Source "ChessBase"]
[SourceDate "2023.10.10"]
[SourceVersion "1"]
[SourceVersionDate "2023.10.10"]
[SourceQuality "1"]
[WhiteTeam "Motor Wolgast"]
[BlackTeam "Stralsund HSG II"]
[WhiteTeamCountry "GER"]
[BlackTeamCountry "GER"]

1. d4 f5 2. c4 Nf6 3. Nc3 e6 4. g3 Bb4 5. a3 Bxc3+ 6. bxc3 0-0 7. Bg2 d6 8. Nh3 Qe8 9. 0-0 e5 10. Rb1 Nc6 11. c5 Kh8 12. cxd6 cxd6 13. d5 Nd8 14. c4 b6 15. Qc2 h6 16. f4 e4 17. Bb2 Ba6 18. Rfc1 Rc8 19. Qb3 Nb7 20. Qb4 Qe7 21. e3 Rc7 22. Bf1 Rfc8 23. Bxf6 gxf6 24. Qb2 Kg7 25. Nf2 Bxc4 26. Bxc4 Rxc4 27. Rxc4 Rxc4 28. h3 Rc5 29. Rd1 Na5 30. g4 Kg6 31. h4 Nc4 32. h5+ Kf7 33. Qd4 Nxa3 34. g5 Qd8 35. g6+ Kg7 36. Qa4 Nb5 37. Rb1 Nc3 38. Qxa7+ Rc7 39. Qxb6 Nxb1 40. Qxb1 Qc8 41. Kg2 Qb7 42. Qa2 Rc5 43. Qa4 Rb5 44. Kg3 Rxd5 45. Qe8 Rc5 46. Qe6 Qc7 47. Kh4 Rc2 48. Kg3 Rc3 49. Qxf5 Rxe3+ 50. Kh4 Qe7 51. Kg4 Re1 52. Kg3 Qb7 53. Qe6 d5 54. Kh4 d4 55. Kg3 d3 56. Ng4 Rg1+ 57. Kh3 Rxg4 58. Kxg4 d2 59. Qd6 e3 60. Kf5 Qb1+ 61. Ke6 Qe4+ 62. Kd7 e2 63. Kc8 e1Q 0-1

[Event "Mecklenburg VP-ch U16"]
[Site "Malchow"]
[Date "2019.02.06"]
[Round "4.1"]
[White "Fromm, Marius"]
[Black "Johlke, Lorenz"]
[Result "1-0"]
[WhiteElo "2069"]
[BlackElo "1602"]
[PlyCount "65"]
[EventDate "2019.02.02"]
[EventType "swiss"]
[EventRounds "7"]
[EventCountry "GER"]
[SourceTitle "EXT 2022"]
[Source "ChessBase"]
[SourceDate "2021.10.06"]
[SourceVersion "1"]
[SourceVersionDate "2021.10.06"]
[SourceQuality "1"]

1. Nf3 f5 2. c4 g6 3. Nc3 Nf6 4. d4 d6 5. g3 Bg7 6. Bg2 0-0 7. 0-0 c5 8. d5 Nbd7 9. Qc2 Nb6 10. Nd2 Rb8 11. b3 a6 12. Bb2 e5 13. dxe6 Bxe6 14. e3 Qc7 15. Rac1 Bf7 16. Nf3 Nbd7 17. Ng5 Kh8 18. Nxf7+ Rxf7 19. Rfd1 Ne5 20. Nd5 Nxd5 21. Bxd5 Re7 22. h4 h5 23. Kg2 Kh7 24. Bc3 b5 25. a3 bxc4 26. bxc4 Ree8 27. Qa4 Qe7 28. Rb1 Rxb1 29. Rxb1 Ng4 30. Rb7 Nxe3+ 31. fxe3 Qxe3 32. Rxg7+ Kh6 33. Qc2 1-0